Project 2013 : (Record no. 18667)

MARC details
000 -LEADER
fixed length control field 01404cam a22003977i 4500
005 - DATE AND TIME OF LATEST TRANSACTION
control field 20230608094330.0
008 - FIXED-LENGTH DATA ELEMENTS--GENERAL INFORMATION
fixed length control field 130411t20142014inua 001 0 eng d
010 ## - LIBRARY OF CONGRESS CONTROL NUMBER
LC control number 2013937702
015 ## - NATIONAL BIBLIOGRAPHY NUMBER
National bibliography number GBB2C4996
Source bnb
016 7# - NATIONAL BIBLIOGRAPHIC AGENCY CONTROL NUMBER
Record control number 016229429
Source Uk
020 ## - INTERNATIONAL STANDARD BOOK NUMBER
ISBN 9780789750556 (pbk.)
020 ## - INTERNATIONAL STANDARD BOOK NUMBER
ISBN 0789750554 (pbk.)
035 ## - SYSTEM CONTROL NUMBER
System control number (OCoLC)ocn813925131
040 ## - CATALOGING SOURCE
Original cataloging agency BTCTA
Language of cataloging eng
Transcribing agency BTCTA
Description conventions rda
Modifying agency UKMGB
-- YDXCP
-- SINLB
-- OCLCO
-- OQX
-- TXG
-- OCLCF
-- CUD
-- CDX
-- LIV
-- DLC
042 ## - AUTHENTICATION CODE
Authentication code lccopycat
082 04 - DEWEY DECIMAL CLASSIFICATION NUMBER
Classification number 658.404
Edition number 23
Item number KEN-P
100 1# - MAIN ENTRY--AUTHOR
Author Name Kennemer, Brian,
245 10 - TITLE STATEMENT
Title Project 2013 :
Remainder of title absolute beginner's guide /
Statement of responsibility, etc. Brian Kennemer and Sonia Atchison.
260 ## - PUBLICATION, DISTRIBUTION, ETC.
Place of Publication USA
Name of publisher, distributor, etc. QUE
Date of publication, distribution, etc. 2014
300 ## - PHYSICAL DESCRIPTION
Pages x, 254 pages :
336 ## - CONTENT TYPE
Content type term text
Source rdacontent
337 ## - MEDIA TYPE
Media type term unmediated
Source rdamedia
338 ## - CARRIER TYPE
Carrier type term volume
Source rdacarrier
490 1# - SERIES STATEMENT
Series Statement Absolute beginner's guide
500 ## - GENERAL NOTE
General note Includes index.
650 #0 - SUBJECT ADDED ENTRY--TOPICAL TERM
Subject / Department Project management
General subdivision Computer programs.
650 #7 - SUBJECT ADDED ENTRY--TOPICAL TERM
Subject / Department Project management
General subdivision Computer programs.
Source of heading or term fast
Authority record control number or standard number (OCoLC)fst01078799
700 1# - ADDED ENTRY--PERSONAL NAME
Personal name Atchison, Sonia,
246 3# - VARYING FORM OF TITLE
Title proper/short title Project twenty thirteen
264 #1 - PRODUCTION, PUBLICATION, DISTRIBUTION, MANUFACTURE, AND COPYRIGHT NOTICE
Place of production, publication, distribution, manufacture Indianapolis, Indiana :
Name of producer, publisher, distributor, manufacturer Que,
Date of production, publication, distribution, manufacture, or copyright notice [2014]
264 #4 - PRODUCTION, PUBLICATION, DISTRIBUTION, MANUFACTURE, AND COPYRIGHT NOTICE
Date of production, publication, distribution, manufacture, or copyright notice ©2014
300 ## - PHYSICAL DESCRIPTION
-- illustrations ;
-- 24 cm.
906 ## - LOCAL DATA ELEMENT F, LDF (RLIN)
a 7
b cbc
c copycat
d 2
e ncip
f 20
g y-gencatlg
952 ## - LOCATION AND ITEM INFORMATION (KOHA)
-- 0
-- 0
Holdings
Lost status Damaged status Collection code Permanent Location Current Location Shelving Location Date acquired Full Call Number Accession No./Barcode Date last seen item type Koha item type
    CS/IT Superior Information Resource Center (SIRC) Superior University- Gold Campus Superior Information Resource Center (SIRC) Superior University- Gold Campus Project management 06/08/2023 658.404 KEN-P 2014 19276 06/08/2023 BOOK BOOK

Powered by Koha